La cuestión de las Malvinas: contribución al estudio de las relaciones hispano-inglesas en el siglo XVIII

Wedi'i Gadw mewn:
Manylion Llyfryddiaeth
Prif Awdur: Hidalgo Nieto, Manuel (Awdur)
Fformat: Llyfr
Iaith:Sbaeneg
Cyhoeddwyd: Madrid, España Consejo Superior de Investigaciones Científicas 1947
Pynciau:
Tagiau: Ychwanegu Tag
Dim Tagiau, Byddwch y cyntaf i dagio'r cofnod hwn!

MARC

LEADER 00000nam a2200000 a 4500
001 UCO3141
003 CL-VaPUC
005 20201106001247.0
008 000714e19470000SP |||||||||||||||||spa|d
999 |c 289611  |d 289609 
040 |c Pontificia Universidad Católica de Valparaíso 
082 0 4 |a 327.46042 HID 1947  |2 21 
100 0 |a Hidalgo Nieto, Manuel  |e author  |9 447032 
245 1 3 |a La cuestión de las Malvinas:  |b  contribución al estudio de las relaciones hispano-inglesas en el siglo XVIII 
260 |a Madrid, España  |b Consejo Superior de Investigaciones Científicas  |c 1947 
300 |a 762 páginas 
583 |a last modification  |c 20160826 12:42:30  |k Rodrigo Vera 
650 7 |a DIPLOMACIA ESPAÑOLA  |2 CL-VaPUC  |9 447033 
650 0 |a Relaciones Internacionales  |z ESPAÑA  |z INGLATERRA  |z ISLAS MALVINAS  |9 255740 
650 7 |a HISTORIA DE ESPAÑA  |2 CL-VaPUC  |9 322090  |y SIGLO 18 
852 |a BIBCUR 
942 |c BK  |2 ddc 
945 |d 20000714 00:00:00  |a rherrera 
952 |0 0  |1 0  |2 ddc  |4 0  |6 327_460420000000000_HID_1947  |7 0  |8 X  |9 338177  |a BIBHIS  |b BIBHIS  |d 2019-11-20  |i 1299557  |o 327.46042 HID 1947  |p 1299557  |r 2024-01-30  |t 1  |w 2019-11-20  |y BK_X  |k HIS